| 000 -LEADER |
| fixed length control field |
00924nam a2200217Ia 4500 |
| 001 - CONTROL NUMBER |
| control field |
11307 |
| 003 - CONTROL NUMBER IDENTIFIER |
| control field |
GE_BSU |
| 008 - FIXED-LENGTH DATA ELEMENTS--GENERAL INFORMATION |
| fixed length control field |
181216s||||||||xx |||||||||||||| ||und|| |
| 040 ## - CATALOGING SOURCE |
| Transcribing agency |
GE_BSU |
| 100 ## - MAIN ENTRY--PERSONAL NAME |
| Personal name |
გოგოლაძე ალ. |
| 245 ## - TITLE STATEMENT |
| Title |
ხეების და ბუჩქების სარკვევი |
| 245 ## - TITLE STATEMENT |
| Remainder of title |
სახელმძღვ. საქ–ს სას–სამ. ინ–ტის სატყეო–სამეურნეო ფაკ–ტის სტუდენტთათვის |
| 245 ## - TITLE STATEMENT |
| Statement of responsibility, etc. |
რედ: დ. სალუქვაძე |
| 260 ## - PUBLICATION, DISTRIBUTION, ETC. |
| Place of publication, distribution, etc. |
თბილისი |
| 260 ## - PUBLICATION, DISTRIBUTION, ETC. |
| Name of publisher, distributor, etc. |
ცოდნა |
| 260 ## - PUBLICATION, DISTRIBUTION, ETC. |
| Date of publication, distribution, etc. |
1964 |
| 300 ## - PHYSICAL DESCRIPTION |
| Extent |
260გვ.23სმ. |
| 300 ## - PHYSICAL DESCRIPTION |
| Accompanying material |
ტაბულები გვ. 148 საძიებლები გვ. 255–258 |
| 653 ## - INDEX TERM--UNCONTROLLED |
| Uncontrolled term |
ხეების და ბუჩქების სარკვევი |
| 942 ## - ADDED ENTRY ELEMENTS (KOHA) |
| Koha item type |
წიგნი |